| 000 | 00442nam a2200193Ia 4500 | ||
|---|---|---|---|
| 008 | 170918s9999 xx 000 0 und d | ||
| 020 | _a9780531166673 | ||
| 050 | _bL253 2003 | ||
| 100 | _aLandau, Elaine | ||
| 245 | _aCocaine / | ||
| 245 | _cElaine Landau. | ||
| 260 | _aNew York : | ||
| 260 | _bWatts Library, | ||
| 260 | _c2003 | ||
| 300 | _a40 pages : | ||
| 300 | _bcolored illustration ; | ||
| 300 | _c24cm. | ||
| 500 | _a1000 | ||
| 999 |
_c342334 _d342334 |
||